NFL Hall of Famers who have passed away - Statistics

General Stats
  • This quiz has been taken 13 times
  • The average score is 72 of 176
Answer Stats
Pos. AOD Player % Correct
HC/GM/Owner 82 Al Davis
82%
LB 33 Derrick Thomas
82%
QB/PK 82 George Blanda
82%
QB, DB, P 94 Sammy Baugh
82%
EDGE 85 Willie Davis
82%
QB 90 Y.A. Tittle
82%
QB 85 Bart Starr
73%
WR 80 Charley Taylor
73%
Co-OrganizerOwner OE DE HC 88 George Halas
73%
RB 83 Jim Taylor
73%
QB 69 Johnny Unitas
73%
RB 45 Walter Payton
73%
OwnerFounder 87 Art Rooney
64%
QB/PK 59 Bobby Layne
64%
RB/LB 81 Bronko Nagurski
64%
OwnerAdminastrator 84 Dan Rooney
64%
EDGE 74 Deacon Jones
64%
CB 74 Dick Lane
64%
OT/IOL 85 Forrest Gregg
64%
RB/FL 84 Frank Gifford
64%
RB 77 Gale Sayers
64%
CB 81 Herb Adderley
64%
C 50 Mike Webster
64%
HC/GM/Owner 82 Paul Brown
64%
RB 87 Red Grange
64%
EDGE/DT 43 Reggie White
64%
OT 71 Rosey Brown
64%
QB 81 Sid Luckman
64%
OT/IOL/DT 78 Stan Jones
64%
HC 75 Tom Landry
64%
HC 57 Vince Lombardi
64%
CB 78 Willie Brown
64%
DT 77 Alex Karras
55%
OwnerFounder HC Commissioner 64 Bert Bell
55%
DT 51 Buck Buchanan
55%
HC 82 Chuck Noll
55%
OE/S/PK 84 Don Hutson
55%
WR 86 Don Maynard
55%
HC 90 Don Shula
55%
EDGE 85 Doug Atkins
55%
RB 71 Dutch Clark
55%
IOL 63 Gene Upshaw
55%
HC/GM 72 George Allen
55%
HC 85 John Madden
55%
LB 43 Junior Seau
55%
QB 69 Ken Stabler
55%
LB 58 Kevin Greene
55%
QB 57 Norm Van Brocklin
55%
QB 82 Otto Graham
55%
RB/PK 84 Paul Hornung
55%
RB 91 Steve Van Buren
55%
QB 101 Ace Parker
45%
Scout 89 Bill Nunn
45%
C 79 Bulldog Turner
45%
LB, C 89 Chuck Bednarik
45%
DT 48 Cortez Kennedy
45%
FounderRB HC GM 67 Curly Lambeau
45%
Founder of NFL Films 98 Ed Sabol
45%
RB/FL 80 Elroy Hirsch
45%
RB 90 George McAfee
45%
HC 82 Hank Stram
45%
DT 42 Henry Jordan
45%
Supervisor 71 Hugh Ray
45%
IOL 71 Jim Parker
45%
RB 65 Jim Thorpe
45%
T/HC 65 Joe Stydahar
45%
RB 82 John McNally
45%
Owner 74 Lamar Hunt
45%
S 82 Larry Wilson
45%
OT/K 76 Lou Groza
45%
END 73 Mac Speedie
45%
C 82 Mel Hein
45%
DT 69 Merlin Olsen
45%
T/P/K 54 Pete Henry
45%
OwnerFounder 95 Ralph Wilson
45%
Co-Founder of NFL Films 69 Steve Sabol
45%
S/P 86 Yale Lary
45%
DT 89 Art Donovan
36%
RB 88 Bill Dudley
36%
LB 52 Bill George
36%
END 37 Bill Hewitt
36%
HC 75 Bill Walsh
36%
DB 89 Bobby Dillon
36%
OT 84 Bob St. Clair
36%
QB 62 Bob Waterfield
36%
T 76 Cal Hubbard
36%
Owner 51 Charles Bidwill
36%
TE 68 Charlie Sanders
36%
EDGE 77 Claude Humphrey
36%
RB 70 Cliff Battles
36%
IOL 79 Dan Fortmann
36%
OE 85 Dante Lavelli
36%
RB/PK 71 Doak Walker
36%
T 67 Duke Slater
36%
END 90 Ed Sprinkle
36%
S 51 Emlen Tunnell
36%
RB/HC 73 Ernie Nevers
36%
EDGE 93 Gino Marchetti
36%
RB 84 Joe Perry
36%
RB 81 John Henry Johnson
36%
TE 69 John Mackey
36%
RB 79 Marion Motley
36%
RB 80 Ollie Matson
36%
QB 73 Paddy Driscoll
36%
END 87 Pete Pihos
36%
GM/Commissioner 70 Pete Rozelle
36%
LB 61 Ray Nitschke
36%
LB 45 Sam Mills
36%
Administrator 83 Tex Schramm
36%
HC/GM 91 Weeb Ewbank
36%
OwnerAdministrator 89 Wellington Mara
36%
S 83 Willie Wood
36%
OT 74 Winston Hill
36%
RB/HC 66 Alphonse Leemans
27%
EDGE 85 Andy Robustelli
27%
QB 59 Arnie Herber
27%
DT 86 Bill Willis
27%
FL/RB/KR/PR 84 Bobby Mitchell
27%
EDGE/LB 58 Chris Doleman
27%
WR 71 Cliff Branch
27%
DT 75 Curley Culp
27%
IOL 87 Dick Stanfel
27%
DT 80 Ernie Stautner
27%
RB 78 Floyd Little
27%
C 84 Frank Gatski
27%
EDGE 68 Fred Dean
27%
RB/COACH 92 Fritz Pollard
27%
OT 73 Gene Hickerson
27%
LB 78 George Connor
27%
OwnerFounder 72 George Preston Marshall
27%
C 74 George Trafton
27%
HC 81 Greasy Neale
27%
CB 85 Jack Butler
27%
Administrator 66 Jim Finks
27%
QB/HC/Owner 72 Jimmy Conzelman
27%
C 75 Jim Ringo
27%
RB 79 Joe Guyon
27%
OwnerCo-Organizer President 59 Joseph Carr
27%
EDGE 56 Lee Roy Selmon
27%
EDGE 46 Len Ford
27%
DT 76 Leo Nomellini
27%
LB/C/K 79 Les Richter
27%
OT/IOL 82 Lou Creekmur
27%
C 81 Mick Tingelhoff
27%
OT/DT 83 Mike McCormack
27%
Owner 75 Pat Bowlen
27%
OT 76 Rayfield Wright
27%
OE/HC 90 Ray Flaherty
27%
LB 87 Sam Huff
27%
HC/GM 91 Sid Gillman
27%
T/HC 66 Steve Owen
27%
OwnerFounder 71 Tim Mars
27%
WR 77 Tom Fears
27%
WR 84 Tommy McDonald
27%
RB 84 Tony Canadeo
27%
T 65 Turk Edwards
27%
IOL/HC 58 Walt Kiesling
27%
T 70 Walt Kiesling
27%
OE/HC 63 Wayne Miller
27%
C 76 Alex Wojciechowicz
18%
DT 77 Arnie Weinmeister
18%
QB 77 Benny Friedman
18%
WR 59 Bob Hayes
18%
FB/LB 79 Clarke Hinkle
18%
Owner 58 Dan Reeves
18%
T 83 Ed Healey
18%
IOL 90 George Musso
18%
Director of Player PersonnelGM VP of Football Operations 71 George Young
18%
C 71 Jim Langer
18%
RB/PK 73 Ken Strong
18%
IOL 80 Mike Michalske
18%
LB 78 Nick Buoniconti
18%
T 74 William Lyman
18%
End/HC 73 Guy Chamberlain
0%
S/KR 57 Jack Christianson
0%
END 95 Red Bangro
0%
No matching quizzes found
Score Distribution
Percent of People with Each Score
Percentile by Number Answered
Your Score History
You have not taken this quiz